Studies in inductive logic and probability.

Saved in:
Bibliographic Details
Main Author: Carnap, Rudolf, 1891-1970
Other Authors: Jeffrey, Richard C.
Format: Book
Language:English
Published: Berkeley, University of California Press, 1971-80.
Subjects:
LEADER 01253nam a2200313 4500
001 c000136661
003 CARM
005 00000000000000.0
008 711222m19711980cau b 00010 eng
019 1 |a 218708  |z 40254527  |5 LACONCORD2021 
020 |a 0520018664 (v. 1) 
020 |a 0520038266 (v. 2) 
035 |a (OCoLC)220088  |5 LACONCORD2021 
050 0 0 |a QA273.4  |b .C37 
100 1 |a Carnap, Rudolf,  |d 1891-1970. 
245 1 0 |a Studies in inductive logic and probability.  |c Rudolf Carnap and Richard C. Jeffrey, editors. 
260 |a Berkeley,  |b University of California Press,  |c 1971-80. 
300 |a 2 v.  |c 24 cm. 
500 |a Vol. 2: R. C. Jeffrey, editor. 
504 |a Includes bibliographies. 
650 0 |a Probabilities. 
650 0 |a Induction (Mathematics) 
700 1 |a Jeffrey, Richard C. 
852 8 |b CARM  |h A2:AK18F0  |i C03867  |p 0197023  |f BK 
852 8 |b CARM  |h A2:AD02C0  |i B00415  |p 0023169  |f BK 
082 0 4 |a 519.2  |2 19 
999 f f |i 8e87a59a-5d30-57e5-b4a1-d7fdad0379d9  |s f8739795-3b6d-55b8-bf25-5d036f1ebf38 
952 f f |p Can circulate  |a CAVAL  |b CAVAL  |c CAVAL  |d CARM 1 Store  |e B00415  |f A2:AD02C0  |h Other scheme  |i book  |j v.2 held  |m 0023169 
952 f f |p Can circulate  |a CAVAL  |b CAVAL  |c CAVAL  |d CARM 1 Store  |e C03867  |f A2:AK18F0  |h Other scheme  |i book  |j v.1 held  |m 0197023